[Event "Montigny le Bretonneux op 22nd"]
[Site "Montigny le Bretonneux"]
[Date "2018.05.13"]
[Round "8"]
[White "Privat, Jean Claude"]
[Black "Fasquelle, Yann"]
[Result "1/2-1/2"]
[WhiteElo "1605"]
[BlackElo "1512"]
[PlyCount "43"]
[EventDate "2018.05.10"]
[EventType "swiss"]
[EventRounds "9"]
[EventCountry "FRA"]
[SourceTitle "CBM 184 Extra"]
[Source "ChessBase"]
[SourceDate "2018.06.28"]
[SourceVersion "1"]
[SourceVersionDate "2018.06.28"]
[SourceQuality "1"]

1. d4 Nf6 2. c4 e6 3. Nf3 b6 4. g3 Bb7 5. Bg2 c5 6. 0-0 cxd4 7. Nxd4 Bxg2 8. Kxg2 Bc5 9. Nb3 Be7 10. Nc3 0-0 11. Nd4 Qc8 12. b3 Rd8 13. Qd3 d5 14. cxd5 Nxd5 15. Nxd5 Rxd5 16. Qf3 Na6 17. Bb2 Bf6 18. e3 Qe8 19. Qe2 Nc5 20. Nf3 e5 21. Rad1 Rad8 22. Rxd5 1/2-1/2

[Event "Montigny le Bretonneux op 22nd"]
[Site "Montigny le Bretonneux"]
[Date "2018.05.12"]
[Round "4"]
[White "Sondermeijer, Antoine"]
[Black "Fasquelle, Yann"]
[Result "1-0"]
[WhiteElo "1465"]
[BlackElo "1512"]
[PlyCount "61"]
[EventDate "2018.05.10"]
[EventType "swiss"]
[EventRounds "9"]
[EventCountry "FRA"]
[SourceTitle "CBM 184 Extra"]
[Source "ChessBase"]
[SourceDate "2018.06.28"]
[SourceVersion "1"]
[SourceVersionDate "2018.06.28"]
[SourceQuality "1"]

1. e4 c5 2. Nc3 d6 3. g3 g6 4. f4 e6 5. Bg2 Bg7 6. Nf3 Nc6 7. 0-0 Nge7 8. d3 0-0 9. Be3 Qb6 10. Qd2 Qxb2 11. e5 dxe5 12. Bxc5 exf4 13. d4 Nb4 14. Rfc1 Qa3 15. Bxe7 Re8 16. Nb5 Qxc1+ 17. Rxc1 Rxe7 18. Qxb4 Bf8 19. Qd2 fxg3 20. hxg3 a6 21. Nd6 Rd7 22. Nxc8 Rxc8 23. c4 Bg7 24. Qe3 Rcd8 25. Rd1 h6 26. Ne5 Rd6 27. c5 Rd5 28. Bxd5 Rxd5 29. Rd3 Kh7 30. Nxf7 Rf5 31. Qxe6 1-0